[Event "3rd Sharjah Masters 2019"]
[Site "Sharjah"]
[Date "2019.03.30"]
[Round "9.36"]
[White "Akash G"]
[Black "Mrudul, Dehankar"]
[Result "0-1"]
[WhiteElo "2411"]
[BlackElo "2078"]
[Annotator "TA"]
[PlyCount "130"]
[EventDate "2019.03.22"]
[EventType "swiss"]
[EventCountry "UAE"]
[SourceTitle "playchess.com"]
[Source "ChessBase"]
[SourceQuality "1"]

{[%evp 13,130,4,24,27,28,20,31,25,33,30,29,15,18,17,13,7,21,10,7,3,49,45,41,52,49,52,56,51,79,63,63,63,76,68,70,70,77,32,50,40,50,47,56,52,43,48,34,38,95,77,101,77,87,83,75,69,94,83,209,163,164,162,147,132,140,136,199,146,134,154,147,146,179,124,223,157,164,164,162,63,64,-313,-265,-610,-589,-2156,-1745,-1040,-1019,-766,-63,0,8,-734,-734,-728,-727,-722,-701,-694,-694,-734,-722,-715,-715,-712,-705,-1737,-703,-693,-659,-1742,-1727,-1627,-1559,-6091,-6832,-7432,-7432]} 1. e4 c6 2. Nc3 d5 3. Nf3 Bg4 4. h3 Bxf3 5. Qxf3 e6 6. Be2 Nd7 7. O-O Ngf6 8. d4 {B11: Caro-Kann: Two Knights Variation} dxe4 9. Nxe4 Nxe4 (9... Be7 10. Rd1 O-O 11. c3 a5 12. Bf4 Nxe4 13. Qxe4 Nf6 14. Qc2 Nd5 15. Bd2 b5 {0-1 (42) Howell,D (2676)-Laznicka,V (2647) Riadh 2017}) 10. Qxe4 {White is slightly better.} Nf6 11. Qd3 Bd6 12. Bg5 h6 13. Bd2 $146 ({Predecessor:} 13. Bh4 g5 14. Bg3 Qc7 15. Qf3 Ke7 {½-½ (42) Piper,M (2320)-Speelman,J (2525) England 2010}) 13... O-O 14. c4 Qe7 15. Bf3 Rad8 16. Bc3 Bb8 17. Qe2 Rfe8 18. Rfe1 Rd7 19. Rad1 Red8 20. g3 Bc7 21. Rd3 Bb6 {[%cal Rb6d4]} 22. Red1 Re8 23. Bg2 Qd8 24. Qd2 Qe7 25. Kh2 h5 26. Kg1 Red8 27. Qe2 Re8 28. Bf3 h4 29. gxh4 Nh7 30. h5 Bc7 (30... Qg5+ $14 31. Kf1 Red8) 31. Bg2 Red8 32. Kf1 Qg5 33. Qg4 Qh6 {[#] With the idea ...Nf6.} 34. Bd2 $1 {[%cal Rd2h6]} Qf6 {[%cal Rd7d4]} 35. Be3 c5 (35... Qe7 $16) 36. Be4 {Threatens to win with Bxh7+.} Qe7 37. Bxh7+ (37. dxc5 f5 $11) 37... Kxh7 38. d5 exd5 39. cxd5 Be5 (39... Qf8 $16 40. b4 cxb4) 40. Qe4+ (40. d6 $18 Qe6 41. Bxc5) 40... Kg8 $16 {[#]} 41. Bxc5 $1 {[%mdl 512]} Qxc5 42. Qxe5 Re7 43. Qd4 (43. Qg5 $18) 43... Qc2 (43... Qxd4 $16 44. Rxd4 Rd6) 44. Rg3 {[%csl Gg3][%cal Rd4g7]} ({Don't play} 44. Qxa7 $6 Re5 $16) 44... Qe2+ 45. Kg2 {[%csl Gg3][%cal Rd4g7]} Re5 46. h6 ({White should try} 46. d6 $18 {aiming for h6.} Qxh5 47. d7) 46... Rdxd5 $14 47. Rxg7+ $2 {[%mdl 8192]} (47. Qb4 $1 $14 {is the one way to stay ahead.} g6 48. Rxd5 Rxd5 49. Qf4 (49. Qxb7 Rf5 $14)) 47... Kh8 $19 48. Qf4 $2 ({Reject} 48. Qxd5 Rxd5 49. Rxd5 Qe4+ 50. Kg1 Qxd5 $19) (48. Qg4 Qxg4+ 49. hxg4 Rxd1 50. Rxf7) 48... Rxd1 49. Qf6 {[#]} Qf1+ $1 50. Kg3 Rd3+ 51. f3 Rxf3+ $2 (51... Qg1+ $19 52. Kh4 Re6 53. Rxg1+ Rxf6) 52. Qxf3 {[%mdl 4096] Endgame KQR-KQR} Qe1+ 53. Qf2 $2 {[%mdl 8192]} (53. Kh2 $11 Re2+ 54. Rg2 Rxg2+ 55. Kxg2 Qd2+ 56. Kg3 Qg5+ 57. Qg4 Qe3+ 58. Kh4 Qe7+ 59. Kh5 Qe5+ 60. Qg5 Qe2+ 61. Kh4 Qf2+ 62. Qg3 Qf6+ 63. Kg4) 53... Re3+ {Black is clearly winning.} 54. Kg2 Re2 55. Rxf7 Rxf2+ 56. Rxf2 {KQ-KR} Qe4+ 57. Rf3 Kh7 58. b3 Kxh6 59. a4 Kg5 60. Kg3 Qe5+ 61. Kf2 Qd4+ 62. Kg2 Kh4 63. Kf1 Qd2 64. Kg1 Qe2 65. Rf2 Qe3 {Accuracy: White = 43%, Black = 55%.} 0-1

[Event "3rd Sharjah Masters 2019"]
[Site "Sharjah"]
[Date "2019.03.30"]
[Round "9.37"]
[White "Zou, Chen"]
[Black "Divya Deshmukh"]
[Result "1-0"]
[WhiteElo "2397"]
[BlackElo "2266"]
[Annotator "NA"]
[PlyCount "81"]
[EventDate "2019.03.22"]
[EventType "swiss"]
[EventCountry "UAE"]
[SourceTitle "playchess.com"]
[Source "ChessBase"]
[SourceQuality "1"]
[TimeControl "5400+30"]

1. Nf3 {[%emt 0:08:33]} Nf6 {[%emt 0:00:00]} 2. c4 {[%emt 0:00:12]} e6 {[%emt 0:00:00]} 3. Nc3 {[%emt 0:00:32]} Bb4 {[%emt 0:00:00]} 4. Qc2 {[%emt 0:00:28]} d5 {[%emt 0:07:54]} 5. a3 {[%emt 0:00:28]} Be7 {[%emt 0:01:52]} 6. d4 {[%emt 0:02:30]} O-O {[%emt 0:02:07]} 7. Bf4 {[%emt 0:01:42]} c6 {[%emt 0:00:39]} 8. e3 {[%emt 0:00:14]} Nbd7 {[%emt 0:01:20]} 9. Bd3 {[%emt 0:02:04]} Re8 {[%emt 0:00:53]} 10. O-O {[%emt 0:03:27]} Bf8 {[%emt 0:05:50]} 11. b4 {[%emt 0:04:05]} b6 {[%emt 0:04:14]} 12. cxd5 {[%emt 0:29:21]} exd5 {[%emt 0:01:44]} 13. e4 {[%emt 0:03:28]} dxe4 {[%emt 0:03:18]} 14. Nxe4 {[%emt 0:00:44]} Bb7 {[%emt 0:01:08]} 15. Ne5 {[%emt 0:07:46]} Nxe5 {[%emt 0:19:50]} 16. Nxf6+ {[%emt 0:02:32]} gxf6 {[%emt 0:01:06]} 17. Bxh7+ {[%emt 0:00:48]} Kh8 {[%emt 0:00:05]} 18. dxe5 {[%emt 0:00:05]} fxe5 {[%emt 0:00:02]} 19. Be3 {[%emt 0:00:31]} Bg7 {[%emt 0:01:54]} 20. Rad1 {[%emt 0:11:22]} Qe7 {[%emt 0:02:15]} 21. Be4 {[%emt 0:01:21]} Rad8 {[%emt 0:00:26]} 22. Qa4 {[%emt 0:09:05]} Rxd1 {[%emt 0:02:56]} 23. Rxd1 {[%emt 0:00:04]} Rd8 {[%emt 0:00:04]} 24. Rc1 {[%emt 0:02:00]} Qd6 {[%emt 0:00:21]} 25. Bf3 {[%emt 0:02:05]} a6 {[%emt 0:07:24]} 26. Bxb6 {[%emt 0:00:42]} Rg8 {[%emt 0:01:05]} 27. Qc2 {[%emt 0:03:36]} Bh6 {[%emt 0:01:09]} 28. Rd1 {[%emt 0:00:05]} Qf6 {[%emt 0:00:03]} 29. Qe4 {[%emt 0:01:21]} Ba8 {[%emt 0:01:21]} 30. Bc5 {[%emt 0:00:34]} Bf4 {[%emt 0:00:43]} 31. g3 {[%emt 0:00:44]} Qg7 {[%emt 0:05:57]} 32. Kh1 {[%emt 0:00:35]} Bg5 {[%emt 0:00:03]} 33. Rd7 {[%emt 0:00:29]} Rd8 {[%emt 0:02:01]} 34. Rxd8+ {[%emt 0:00:43]} Bxd8 {[%emt 0:00:01]} 35. Qf5 {[%emt 0:00:12]} Bg5 {[%emt 0:01:19]} 36. Be4 {[%emt 0:01:14]} Bb7 {[%emt 0:00:39]} 37. Qh3+ {[%emt 0:00:22]} Kg8 {[%emt 0:00:10]} 38. Qd7 {[%emt 0:00:09]} f5 {[%emt 0:00:14]} 39. Qe8+ {[%emt 0:00:10]} Kh7 {[%emt 0:00:01]} 40. Bxf5+ {[%emt 0:00:06]} Kh6 {[%emt 0:00:03]} 41. Bf8 {[%emt 0:00:12]} 1-0

[Event "3rd Sharjah Masters 2019"]
[Site "Sharjah"]
[Date "2019.03.30"]
[Round "9.38"]
[White "Dhulipalla Bala Chandra Prasa"]
[Black "Kunal, M.."]
[Result "1-0"]
[WhiteElo "2384"]
[BlackElo "2258"]
[Annotator "NA"]
[PlyCount "71"]
[EventDate "2019.03.22"]
[EventType "swiss"]
[EventCountry "UAE"]
[SourceTitle "playchess.com"]
[Source "ChessBase"]
[SourceQuality "1"]
[TimeControl "5400+30"]

1. d4 {[%emt 0:00:00]} Nf6 {[%emt 0:00:00]} 2. c4 {[%emt 0:00:00]} e6 {[%emt 0:00:00]} 3. g3 {[%emt 0:00:00]} d5 {[%emt 0:00:37]} 4. Nf3 {[%emt 0:00:13]} dxc4 {[%emt 0:01:51]} 5. Bg2 {[%emt 0:00:07]} c5 {[%emt 0:01:03]} 6. O-O {[%emt 0:00:16]} Nc6 {[%emt 0:01:57]} 7. Qa4 {[%emt 0:01:28]} Bd7 {[%emt 0:01:00]} 8. Qxc4 {[%emt 0:00:53]} cxd4 {[%emt 0:00:13]} 9. Nxd4 {[%emt 0:01:58]} Rc8 {[%emt 0:00:16]} 10. Nc3 {[%emt 0:03:01]} Nb4 {[%emt 0:08:54]} 11. Qb3 {[%emt 0:03:28]} e5 {[%emt 0:00:07]} 12. Nf3 {[%emt 0:03:02]} Be6 {[%emt 0:03:35]} 13. Qa4+ {[%emt 0:10:55]} Bd7 {[%emt 0:00:54]} 14. Qd1 {[%emt 0:06:56]} Nc6 {[%emt 0:03:27]} 15. Nb5 {[%emt 0:02:16]} Ne4 {[%emt 0:11:29]} 16. Qd5 {[%emt 0:10:38]} Nf6 {[%emt 0:00:10]} 17. Nd6+ {[%emt 0:03:26]} Bxd6 {[%emt 0:00:06]} 18. Qxd6 {[%emt 0:00:03]} Be6 {[%emt 0:06:53]} 19. Qa3 {[%emt 0:03:45]} Qe7 {[%emt 0:01:31]} 20. b3 {[%emt 0:05:54]} Qxa3 {[%emt 0:11:37]} 21. Bxa3 {[%emt 0:00:06]} e4 {[%emt 0:00:03]} 22. Ng5 {[%emt 0:07:17]} Nd4 {[%emt 0:11:52]} 23. Nxe4 {[%emt 0:04:55]} Nxe2+ {[%emt 0:01:44]} 24. Kh1 {[%emt 0:00:13]} Nxe4 {[%emt 0:00:04]} 25. Bxe4 {[%emt 0:00:19]} b6 {[%emt 0:00:08]} 26. Bg2 {[%emt 0:18:36]} Nc3 {[%emt 0:02:22]} 27. Rfc1 {[%emt 0:01:38]} Kd7 {[%emt 0:13:32]} 28. Bb2 {[%emt 0:03:28]} Nd5 {[%emt 0:00:50]} 29. Rd1 {[%emt 0:00:50]} Rc5 {[%emt 0:02:58]} 30. b4 {[%emt 0:03:57]} Rb5 {[%emt 0:00:10]} 31. a3 {[%emt 0:00:17]} f6 {[%emt 0:02:09]} 32. Rd2 {[%emt 0:01:57]} Rd8 {[%emt 0:02:28]} 33. a4 {[%emt 0:02:20]} Rxb4 {[%emt 0:00:04]} 34. Bxd5 {[%emt 0:00:09]} Ke7 {[%emt 0:01:55]} 35. Re1 {[%emt 0:02:05]} Rxd5 {[%emt 0:01:24]} 36. Ba3 {[%emt 0:00:01]} 1-0

[Event "3rd Sharjah Masters 2019"]
[Site "Sharjah"]
[Date "2019.03.30"]
[Round "9.39"]
[White "Nitin, S.."]
[Black "Rohit, Singh Rana"]
[Result "1-0"]
[WhiteElo "2408"]
[BlackElo "1896"]
[Annotator "ChessBase"]
[PlyCount "41"]
[EventDate "2019.03.22"]
[EventType "swiss"]
[EventCountry "UAE"]
[SourceTitle "playchess.com"]
[Source "ChessBase"]
[SourceQuality "1"]
[TimeControl "5400+30"]

1. e4 {[%emt 0:00:04]} c5 {[%emt 0:00:00]} 2. Nf3 {[%emt 0:00:14]} d6 {[%emt 0:00:00]} 3. d4 {[%emt 0:00:08]} cxd4 {[%emt 0:00:00]} 4. Nxd4 {[%emt 0:00:22]} Nf6 {[%emt 0:00:00]} 5. Nc3 {[%emt 0:00:05]} a6 {[%emt 0:00:00]} 6. Be3 {[%emt 0:00:08]} e5 {[%emt 0:00:03]} 7. Nb3 {[%emt 0:00:05]} Be6 {[%emt 0:00:05]} 8. Qd2 {[%emt 0:00:16]} Be7 {[%emt 0:00:12]} 9. f4 {[%emt 0:01:20]} O-O {[%emt 0:00:38]} 10. O-O-O {[%emt 0:00:17]} b5 {[%emt 0:01:05]} 11. f5 {[%emt 0:00:23]} Bd7 {[%emt 0:03:21]} 12. g4 {[%emt 0:05:15]} Nxg4 {[%emt 0:02:59]} 13. Rg1 {[%emt 0:01:38]} Nxe3 {[%emt 0:00:07]} 14. Qxe3 {[%emt 0:00:09]} Kh8 {[%emt 0:02:33]} 15. Be2 {[%emt 0:10:30]} Bc6 {[%emt 0:14:18]} 16. Rg3 {[%emt 0:02:55]} h6 {[%emt 0:14:42]} 17. Rdg1 {[%emt 0:00:46]} Bf6 {[%emt 0:04:15]} 18. Rh3 {[%emt 0:00:50]} Kh7 {[%emt 0:01:31]} 19. Bh5 {[%emt 0:00:25]} Bg5 {[%emt 0:11:22]} 20. Rxg5 {[%emt 0:00:59]} Qxg5 {[%emt 0:00:04]} 21. Qxg5 {[%emt 0:00:17]} 1-0

[Event "3rd Sharjah Masters 2019"]
[Site "Sharjah"]
[Date "2019.03.30"]
[Round "9.40"]
[White "Abdurakhmonov, Mukhammadali"]
[Black "Tokhirjonova, Gulrukhbegim"]
[Result "1-0"]
[WhiteElo "2205"]
[BlackElo "2434"]
[Annotator "TA"]
[PlyCount "70"]
[EventDate "2019.03.22"]
[EventType "swiss"]
[EventCountry "UAE"]
[SourceTitle "playchess.com"]
[Source "ChessBase"]
[SourceQuality "1"]

{[%evp 19,70,4,16,-2,26,9,12,4,7,-8,3,-27,-33,-22,-38,-36,-25,-19,-29,-62,-50,-56,-63,-58,-42,-48,-43,-68,-77,-77,-54,-55,-37,-74,-75,-214,-217,-216,-216,-265,-266,-572,-404,-335,-175,-168,-167,-211,-210,-200,-211,-251,-244]} 1. c4 e5 2. Nc3 Nc6 3. g3 Bc5 4. Bg2 Nf6 5. d3 a6 6. Nf3 d6 7. Rb1 O-O 8. O-O h6 9. a3 Be6 10. b4 Ba7 {LiveBook: 3 Games} 11. a4 {A29: English Opening: Four Knights Variation with 4 g3} (11. Bb2 Qd7 12. b5 axb5 13. cxb5 Ne7 14. Qc2 Bh3 15. Bxh3 Qxh3 16. Na4 Bb8 17. Rfc1 Ng4 18. d4 Nd5 {0-1 (31) Grill,B (2103)-Sadzikowski,D (2584) Neustadt an der Weinstrasse 2018}) 11... Qc8 $146 ({Predecessor:} 11... a5 12. b5 Nb4 13. Ba3 Bc5 14. Qb3 c6 15. Na2 cxb5 16. axb5 e4 17. dxe4 a4 18. Qb2 Nxa2 19. Bxc5 dxc5 20. Qxa2 Nxe4 {0-1 (32) Straub,P (2109)-Janev,E (2405) Cutro 2004}) 12. b5 axb5 13. axb5 {The position is equal.} Ne7 14. e4 Nd7 15. Nd5 Nxd5 16. cxd5 Bg4 17. h3 Bxf3 18. Bxf3 Bd4 19. Bg4 Qd8 20. Bb2 $1 Bxb2 21. Rxb2 Nc5 22. b6 $1 cxb6 23. Qb1 Ra3 24. Rxb6 Qc7 25. Be2 Rfa8 26. Rb2 R8a4 27. f4 (27. h4 $17 {is a better defense.}) 27... exf4 $1 $19 28. gxf4 Qe7 29. Kg2 Qf6 30. Rf3 $2 (30. Qc1 {is more resistant.}) 30... Qd4 31. Qc2 {[#]} Ra1 (31... b5 $142 $1 {[%mdl 512] Hoping for ...b4.} 32. Bf1 (32. Rxb5 Ra1) 32... b4) 32. Bf1 {[#]} f5 $1 {[%mdl 512]} 33. Qf2 (33. exf5 Qxd5) 33... fxe4 34. dxe4 Qxe4 {aiming for ...R4a3.} 35. Re2 Qxd5 {[%mdl 32768] Accuracy: White = 36%, Black = 73%. . Loss on time!?} 1-0

[Event "3rd Sharjah Masters 2019"]
[Site "Sharjah"]
[Date "2019.03.30"]
[Round "9.41"]
[White "Bouzidi, Ahmed"]
[Black "Buksa, Nataliya"]
[Result "0-1"]
[WhiteElo "2199"]
[BlackElo "2416"]
[Annotator "TA"]
[PlyCount "98"]
[EventDate "2019.03.22"]
[EventType "swiss"]
[EventCountry "UAE"]
[SourceTitle "playchess.com"]
[Source "ChessBase"]
[SourceQuality "1"]

{[%evp 9,98,32,43,27,27,-25,-23,-36,-31,-25,-27,-49,-45,-51,-34,-41,-34,-54,-45,-57,-54,-75,-64,-104,-116,-112,-71,-134,-122,-143,-134,-208,-150,-177,-175,-170,-159,-153,-155,-162,-162,-176,-165,-233,-226,-222,-172,-244,-254,-264,-219,-224,-197,-218,-214,-231,-249,-357,-333,-409,-383,-341,-202,-333,-274,-275,-275,-349,-272,-460,-443,-465,-480,-499,-482,-593,-552,-654,-649,-987,-977,-1093,-1062,-1337,-1337,-1677,-1640,-1571,-1540,-3055,-3013]} 1. e4 e5 2. Nf3 Nc6 3. Bb5 g6 4. c3 a6 (4... Bg7 5. d4 exd4 6. cxd4 a6 7. Ba4 b5 8. Bc2 d6 9. h3 Nf6 10. O-O O-O 11. Nc3 Bb7 12. Re1 Re8 13. Bg5 {0-1 (64) Sevian,S (2647)-Dreev,A (2670) chess.com INT 2019}) 5. Bxc6 dxc6 6. d4 {C60: Ruy Lopez: Unusual Black 3rd moves and 3...g6} exd4 7. Qxd4 (7. cxd4 $142 Be6 8. Nc3) 7... Qxd4 $11 8. Nxd4 {Black has an edge.} c5 9. Ne2 Bd7 10. Bg5 $146 ({Predecessor:} 10. Be3 O-O-O 11. Nd2 Nh6 12. h3 {0-1 (60) Mindov,A-Dobrev,N (2415) Sunny Beach 2004}) 10... h6 $36 {[%mdl 2048] Black has good play.} 11. Bh4 g5 12. Bg3 O-O-O 13. Nd2 Bg7 14. f3 Ne7 15. Bf2 {[#]} b6 $1 16. Ng3 h5 17. h4 g4 18. Rd1 ({White should try} 18. O-O-O) 18... Be6 $17 19. f4 f5 20. e5 (20. O-O $17) 20... Bxa2 21. b3 a5 22. Ra1 {[#]} Rxd2 $1 {[%mdl 576] Remove Defender} 23. Kxd2 Bxb3 24. Rhb1 Bc4 25. Be3 Kd7 26. Ra4 (26. Bxc5 $142 bxc5 27. Rxa5) 26... Bd5 $19 27. Rg1 Bb3 28. Raa1 (28. Ra3 $142 a4 29. Ke2) 28... Ke6 29. Ke2 Ng6 30. Rh1 Bd5 31. Kf2 Bf8 32. Ne2 Be7 33. Kg3 (33. c4 {was worth a try.} Be4 34. Rh2) 33... Ra8 34. Rh2 a4 35. Kf2 Kd7 (35... b5 $142 36. g3 a3) 36. g3 (36. Kg1 $142) 36... Nf8 37. Nc1 Ne6 38. Nd3 Kc6 39. Bc1 $2 (39. Ke1 {is a better defense.}) 39... b5 {Black is clearly winning.} 40. Nb2 Bb3 41. Ke1 c4 42. Be3 Nc5 43. Bd4 Ne4 44. Rg2 b4 45. cxb4 Bxb4+ 46. Ke2 Kd5 47. Bg1 a3 48. Nd1 Nc3+ 49. Nxc3+ Bxc3 {Accuracy: White = 26%, Black = 78%.} 0-1

[Event "3rd Sharjah Masters 2019"]
[Site "Sharjah"]
[Date "2019.03.30"]
[Round "9.42"]
[White "Tissir, Mohamed"]
[Black "Zarkovic, Mila"]
[Result "1/2-1/2"]
[WhiteElo "2386"]
[BlackElo "2187"]
[Annotator "ChessBase"]
[PlyCount "29"]
[EventDate "2019.03.22"]
[EventType "swiss"]
[EventCountry "UAE"]
[SourceTitle "playchess.com"]
[Source "ChessBase"]
[SourceQuality "1"]
[TimeControl "5400+30"]

1. e4 {[%emt 0:00:39]} c5 {[%emt 0:00:00]} 2. Nf3 {[%emt 0:01:13]} d6 {[%emt 0:00:00]} 3. d4 {[%emt 0:00:12]} cxd4 {[%emt 0:00:00]} 4. Nxd4 {[%emt 0:00:05]} Nf6 {[%emt 0:00:00]} 5. Nc3 {[%emt 0:00:09]} a6 {[%emt 0:00:00]} 6. h3 {[%emt 0:02:20]} e6 {[%emt 0:00:58]} 7. g4 {[%emt 0:01:56]} h6 {[%emt 0:00:08]} 8. Bg2 {[%emt 0:03:40]} Be7 {[%emt 0:08:30]} 9. Be3 {[%emt 0:05:08]} Nc6 {[%emt 0:01:07]} 10. f4 {[%emt 0:25:45]} Nd7 {[%emt 0:03:27]} 11. Qd2 {[%emt 0:12:30]} Nxd4 {[%emt 0:07:56]} 12. Bxd4 {[%emt 0:01:04]} e5 {[%emt 0:03:40]} 13. fxe5 {[%emt 0:06:13]} Bh4+ {[%emt 0:16:30]} 14. Bf2 {[%emt 0:02:32]} Bxf2+ {[%emt 0:02:22]} 15. Qxf2 {[%emt 0:00:23]} 1/2-1/2

[Event "3rd Sharjah Masters 2019"]
[Site "Sharjah"]
[Date "2019.03.30"]
[Round "9.43"]
[White "Zaibi, Amir"]
[Black "Srihari, L R"]
[Result "1/2-1/2"]
[WhiteElo "2386"]
[BlackElo "2211"]
[Annotator "NA"]
[PlyCount "77"]
[EventDate "2019.03.22"]
[EventType "swiss"]
[EventCountry "UAE"]
[SourceTitle "playchess.com"]
[Source "ChessBase"]
[SourceQuality "1"]
[TimeControl "5400+30"]

1. e4 {[%emt 0:00:00]} c5 {[%emt 0:00:00]} 2. Nf3 {[%emt 0:00:00]} e6 {[%emt 0:02:21]} 3. d4 {[%emt 0:00:00]} cxd4 {[%emt 0:00:13]} 4. Nxd4 {[%emt 0:00:00]} a6 {[%emt 0:00:13]} 5. Bd3 {[%emt 0:00:14]} Bc5 {[%emt 0:00:15]} 6. Nb3 {[%emt 0:00:05]} Be7 {[%emt 0:01:48]} 7. O-O {[%emt 0:00:22]} Nc6 {[%emt 0:00:18]} 8. Qe2 {[%emt 0:02:55]} d6 {[%emt 0:02:19]} 9. f4 {[%emt 0:00:29]} Qc7 {[%emt 0:00:56]} 10. Nc3 {[%emt 0:02:29]} Nf6 {[%emt 0:00:52]} 11. Bd2 {[%emt 0:00:12]} b5 {[%emt 0:07:23]} 12. a3 {[%emt 0:00:35]} Bb7 {[%emt 0:00:49]} 13. Rae1 {[%emt 0:01:30]} Nd7 {[%emt 0:00:11]} 14. Nd5 {[%emt 0:02:50]} exd5 {[%emt 0:00:48]} 15. exd5 {[%emt 0:00:06]} Nce5 {[%emt 0:00:07]} 16. Ba5 {[%emt 0:03:44]} Qb8 {[%emt 0:08:46]} 17. Bf5 {[%emt 0:09:07]} Qa7+ {[%emt 0:01:09]} 18. Kh1 {[%emt 0:00:07]} Bxd5 {[%emt 0:00:38]} 19. Bxd7+ {[%emt 0:04:48]} Qxd7 {[%emt 0:00:23]} 20. fxe5 {[%emt 0:00:08]} Bc4 {[%emt 0:06:37]} 21. e6 {[%emt 0:05:58]} Qxe6 {[%emt 0:17:22]} 22. Qf3 {[%emt 0:05:58]} O-O {[%emt 0:00:25]} 23. Nd4 {[%emt 0:04:48]} Qd7 {[%emt 0:01:23]} 24. Nf5 {[%emt 0:01:37]} Be6 {[%emt 0:23:57]} 25. Nxg7 {[%emt 0:03:04]} Kxg7 {[%emt 0:00:38]} 26. Bc3+ {[%emt 0:02:04]} f6 {[%emt 0:00:40]} 27. Qe4 {[%emt 0:01:40]} Rae8 {[%emt 0:16:35]} 28. Qxe6 {[%emt 0:00:20]} Qxe6 {[%emt 0:00:01]} 29. Rxe6 {[%emt 0:00:06]} Kf7 {[%emt 0:00:02]} 30. Ree1 {[%emt 0:14:58]} Rc8 {[%emt 0:01:12]} 31. Rf4 {[%emt 0:04:51]} Rc4 {[%emt 0:01:34]} 32. Rxc4 {[%emt 0:05:32]} bxc4 {[%emt 0:00:01]} 33. Re4 {[%emt 0:00:08]} Rc8 {[%emt 0:00:45]} 34. g4 {[%emt 0:02:56]} d5 {[%emt 0:00:44]} 35. Rf4 {[%emt 0:00:07]} Ke6 {[%emt 0:00:10]} 36. Kg2 {[%emt 0:00:38]} Rf8 {[%emt 0:01:05]} 37. Rf5 {[%emt 0:00:43]} Rg8 {[%emt 0:00:46]} 38. h3 {[%emt 0:02:22]} Rg5 {[%emt 0:00:19]} 39. Rf4 {[%emt 0:08:07] Ke5} 1/2-1/2

[Event "3rd Sharjah Masters 2019"]
[Site "Sharjah"]
[Date "2019.03.30"]
[Round "9.44"]
[White "Saurabh Anand"]
[Black "Singgih, Diajeng Theresa"]
[Result "1/2-1/2"]
[WhiteElo "2385"]
[BlackElo "2164"]
[Annotator "NA"]
[PlyCount "75"]
[EventDate "2019.03.22"]
[EventType "swiss"]
[EventCountry "UAE"]
[SourceTitle "playchess.com"]
[Source "ChessBase"]
[SourceQuality "1"]
[TimeControl "5400+30"]

1. e4 {[%emt 0:00:45]} e5 {[%emt 0:00:00]} 2. Nf3 {[%emt 0:00:06]} Nc6 {[%emt 0:00:00]} 3. d4 {[%emt 0:02:28]} exd4 {[%emt 0:00:32]} 4. Nxd4 {[%emt 0:00:09]} Bc5 {[%emt 0:00:33]} 5. Nb3 {[%emt 0:00:19]} Bb4+ {[%emt 0:00:43]} (5... Bb6 6. Nc3 Nf6 7. Qe2 O-O 8. Bg5 Nd4 9. Qd2 Nxb3 10. axb3 h6 11. Be3 Bxe3 12. Qxe3 d5 13. O-O-O c6 14. exd5 cxd5 {1-0 (40) Amin,B (2686)-Safarli,E (2676) Hoogeveen 2018}) 6. Nc3 {[%emt 0:01:51] C45: Scotch Game} Nf6 {[%emt 0:00:53]} 7. Bd3 {[%emt 0:00:15]} d5 {[%emt 0:03:18]} 8. exd5 {[%emt 0:04:01]} Nxd5 {[%emt 0:02:24]} 9. O-O {[%emt 0:01:15]} Nxc3 {[%emt 0:03:17]} 10. Qe1+ {[%emt 0:04:45]} Be6 $146 {[%emt 0:11:13]} ({Predecessor:} 10... Qe7 11. bxc3 Bd6 12. Nd4 Nxd4 13. cxd4 O-O 14. Be3 {½-½ (36) Kadianis,G (1998)-Papadopoulos,A (2176) Achaia 2017}) 11. bxc3 {[%emt 0:00:41]} Be7 {[%emt 0:00:32]} 12. Bf4 {[%emt 0:12:34]} O-O {[%emt 0:02:04]} 13. Rd1 {[%emt 0:00:45]} Qc8 {[%emt 0:02:03]} 14. Qe4 {[%emt 0:01:38]} g6 {[%emt 0:00:44]} 15. Nd4 {[%emt 0:08:33]} Nxd4 {[%emt 0:04:56]} 16. cxd4 {[%emt 0:00:32]} c6 {[%emt 0:04:56]} 17. c4 {[%emt 0:09:15]} Qd7 {[%emt 0:05:25]} 18. Rfe1 {[%emt 0:01:34]} Bb4 {[%emt 0:09:12]} 19. Bd2 {[%emt 0:03:21]} Bxd2 {[%emt 0:08:13]} 20. Rxd2 {[%emt 0:00:29]} Rfe8 {[%emt 0:03:31]} 21. Qf4 {[%emt 0:02:08]} a6 {[%emt 0:11:19]} 22. Bf1 {[%emt 0:02:09]} Bf5 {[%emt 0:02:53]} 23. Red1 {[%emt 0:03:27]} b5 {[%emt 0:03:05]} 24. f3 $11 {[%emt 0:04:07]} Qa7 {[%emt 0:10:04]} 25. Kh1 {[%emt 0:01:52]} bxc4 {[%emt 0:02:30]} 26. Bxc4 {[%emt 0:00:11]} Be6 {[%emt 0:00:09]} 27. d5 {[%emt 0:05:38]} cxd5 {[%emt 0:00:39]} 28. Bxd5 {[%emt 0:00:08]} Bxd5 {[%emt 0:00:06]} 29. Rxd5 {[%emt 0:00:08]} Qf2 {[%emt 0:01:10]} 30. h4 {[%emt 0:01:21]} Re2 {[%emt 0:02:02]} 31. Qg5 {[%emt 0:01:49]} Rae8 {[%emt 0:00:31]} 32. h5 {[%emt 0:01:11]} h6 {[%emt 0:03:18]} 33. Qg4 {[%emt 0:01:07]} g5 {[%emt 0:03:19]} 34. Kh2 {[%emt 0:12:23]} Re1 {[%emt 0:00:44]} 35. Rxe1 Rxe1 36. Qc8+ Kh7 37. Qg4 Kg8 38. Rd1 1/2-1/2